Parkinson's law : or the pursuit of progress / (Record no. 4687)
[ view plain ]
| 000 -LEADER | |
|---|---|
| fixed length control field | 00737nam a2200253 a 4500 |
| 001 - CONTROL NUMBER | |
| JCCL Control Number | 4687 |
| 003 - CONTROL NUMBER IDENTIFIER | |
| JCCL marc code | BD-JhCC |
| 005 - DATE AND TIME OF LATEST TRANSACTION | |
| control field | 20171130092941.0 |
| 008 - FIXED-LENGTH DATA ELEMENTS--GENERAL INFORMATION | |
| fixed length control field | 860101r19581965enk 000 0 eng d |
| 035 ## - SYSTEM CONTROL NUMBER | |
| system control number | (BD-JhCC)4687 |
| 040 ## - CATALOGING SOURCE | |
| Original cataloging agency | BD-JhCC |
| Modifying agency | BD-JhCC |
| 041 ## - LANGUAGE CODE | |
| Language code of Book | eng |
| 082 ## - DEWEY DECIMAL CLASSIFICATION NUMBER | |
| DDC Edition number | 18 |
| Author mark and Year | PAR 1965 |
| Classification number | 828.91408 |
| 100 1# - MAIN ENTRY--PERSONAL NAME | |
| Personal name | Parkinson, C. Northcote |
| Fuller form of name | (Cyril Northcote), |
| Dates associated with a name | 1909-1993 |
| 245 10 - TITLE STATEMENT | |
| Title | Parkinson's law : or the pursuit of progress / |
| Statement of responsibility, etc | C. Northcote Parkinson ; with illustrations by Osbert Lancaster |
| 260 ## - PUBLICATION, DISTRIBUTION, ETC. (IMPRINT) | |
| Place of publication, distribution, etc | London : |
| Name of publisher, distributor, etc | John Murray, |
| Date of publication, distribution, etc | 1965. |
| 300 ## - PHYSICAL DESCRIPTION | |
| Pagination | 122 p. : |
| Dimensions | 18 cm . |
| 650 #0 - SUBJECT ADDED ENTRY--TOPICAL TERM | |
| Topical term or geographic name as entry element | Executives |
| General subdivision | Humor |
| 650 #0 - SUBJECT ADDED ENTRY--TOPICAL TERM | |
| Topical term or geographic name as entry element | Law |
| 650 #0 - SUBJECT ADDED ENTRY--TOPICAL TERM | |
| Topical term or geographic name as entry element | Bureaucrasy |
| 700 ## - ADDED ENTRY--PERSONAL NAME | |
| Personal name | Lancaster, Osbert |
| 942 ## - ADDED ENTRY ELEMENTS (KOHA) | |
| Source of classification or shelving scheme | Dewey Decimal Classification |
| Koha item type | Books |
| Source of classification or shelving scheme | Damaged status | Not for loan | Home library | Current library | Shelving location | Date of accession | Total Checkouts | Full call number | Barcode | Date last seen | Copy number | Koha item type |
|---|---|---|---|---|---|---|---|---|---|---|---|---|
| Dewey Decimal Classification | JCC Rouf Library | JCC Rouf Library | General Stacks | 11/29/2017 | 828.91408 PAR 1965 | 6601 | 11/29/2017 | C - 1 | Books |